000 00552nam a2200193Ia 4500
005 20250423095727.0
008 250422s9999 xx 000 0 und d
020 _a9780201787917
050 _aQA 76.73.J38 .G66/
100 _aGong, Li...[et al.]
245 0 _aInside Java 2 platform security : architecture, API design, and implementation
250 _a2nd ed.
260 _aUnited State
260 _bPearson Education
260 _c2003
300 _a356 p
650 _aJava (Computer program language) Computer security.
942 _cBK
999 _c31147
_d31147